000 00837cab a2200217 4500
001 ABS37448
008 090401t1987 xxu||||| |||| 00| 0 eng d
035 _a(Sirsi) u4582
041 _aeng
245 _aHow to get high-tech tenants signed up
260 _c1987
350 _a0
490 _aProperty Confidential
_v(378) February 1987, 8-15 (8)
520 _aExamines how landlord/developers can attract tenants to science parks , with reference to research carried out by Newcastle University on the characteristics of high tech tenants. Concludes with a check-list of facilities that tenants require whether on or off a science park.
650 _aHIGH TECH DEVELOPMENT
650 _aINDUSTRIAL DEVELOPMENT
650 _aTENANTS REQUIREMENTS
690 _aPROPERTY-COMMERCIAL PROPERTY
942 _n0
948 _c04/03/1997
999 _c2770
_d2770